000 00520nam a2200193Ia 4500
005 20250508162008.0
008 008 250505s9999 xx 000 0 eng d
020 _a0-442-27202-2
037 _aTextual
040 _aFEDL
_beng
_cFEDL
041 _aeng
_2eng
084 _a510, RUS
_qFEDL
100 _aRussell David
245 0 _aMathematics: Ideas and uses
260 _aNew York, USA
_bD. Van Nostrand Company
_c1979
300 _ax,412p.
942 _cTEXL
_h510, RUS
999 _c1373724
_d1373724